[Event "Fagernes op-B"]
[Site "Fagernes"]
[Date "2023.04.08"]
[Round "8"]
[White "Ali, Karim"]
[Black "Bollestad, Leiv Ove"]
[Result "1-0"]
[WhiteElo "1777"]
[BlackElo "1395"]
[PlyCount "149"]
[EventDate "2023.04.02"]
[EventType "swiss"]
[EventRounds "9"]
[EventCountry "NOR"]
[SourceTitle "CBM 213 Extra"]
[Source "ChessBase"]
[SourceDate "2023.05.31"]
[SourceVersion "1"]
[SourceVersionDate "2023.05.31"]
[SourceQuality "1"]

1. e4 c5 2. Nf3 Nc6 3. d3 d6 4. g3 g6 5. Bg2 Bg7 6. 0-0 Nf6 7. Re1 Bg4 8. Nbd2 0-0 9. c3 Ne5 10. h3 Nxf3+ 11. Nxf3 Bxf3 12. Qxf3 Nd7 13. Qe2 Rb8 14. Be3 Qb6 15. Rad1 Qa6 16. a3 Rfe8 17. h4 h5 18. Bh3 Nf6 19. f3 e6 20. Kh2 Qc6 21. Rg1 e5 22. Qg2 Rbd8 23. Bg5 d5 24. g4 hxg4 25. Bxg4 dxe4 26. dxe4 Nxg4+ 27. Qxg4 Rxd1 28. Rxd1 Bf6 29. Qd7 Bxg5 30. hxg5 Re6 31. Qxc6 Rxc6 32. Rd5 Rb6 33. b4 cxb4 34. axb4 Rc6 35. Rxe5 Rxc3 36. Kg3 Rc7 37. f4 a6 38. b5 a5 39. b6 Rc3+ 40. Kg4 a4 41. Re7 Rb3 42. Rxb7 a3 43. Ra7 Rxb6 44. Rxa3 Rb4 45. Re3 Kg7 46. f5 gxf5+ 47. Kxf5 Rb1 48. Rf3 Rb5+ 49. Kg4 Rb1 50. Kf5 Rb5+ 51. e5 Rb1 52. Rf4 Ra1 53. Rf2 Rb1 54. Ke4 Re1+ 55. Kf5 Rb1 56. g6 Rb6 57. gxf7 Kxf7 58. Ra2 Rb1 59. Ra7+ Ke8 60. Kf6 Re1 61. Ke6 Kd8 62. Ra8+ Kc7 63. Rh8 Rf1 64. Ke7 Rf5 65. e6 Rf2 66. Rf8 Re2 67. Rf6 Re1 68. Rf3 Re2 69. Rc3+ Kb7 70. Kd7 Rd2+ 71. Ke8 Re2 72. e7 Re1 73. Rc5 Re2 74. Kd7 Kb6 75. Rd5 1-0

[Event "EU-ch Seniors 50 18th"]
[Site "Drammen"]
[Date "2018.08.07"]
[Round "4"]
[White "Ali, Karim"]
[Black "Edvardsen, Ragnar"]
[Result "1-0"]
[WhiteElo "1819"]
[BlackElo "1969"]
[PlyCount "57"]
[EventDate "2018.08.04"]
[EventType "swiss"]
[EventRounds "9"]
[EventCountry "NOR"]
[SourceTitle "CBM 185 Extra"]
[Source "ChessBase"]
[SourceDate "2018.07.29"]
[SourceVersion "1"]
[SourceVersionDate "2018.07.29"]
[SourceQuality "1"]

1. e4 e5 2. Nf3 Nc6 3. Bc4 Nf6 4. d3 Be7 5. Nc3 0-0 6. h3 d6 7. a3 a6 8. Be3 b5 9. Ba2 Bb7 10. 0-0 Rb8 11. Nd5 h6 12. Qd2 Nh7 13. Rae1 g5 14. Nh2 Kg7 15. h4 f5 16. exf5 Rxf5 17. hxg5 Bxg5 18. f4 exf4 19. Nxf4 Bxf4 20. Bxf4 Ng5 21. Ng4 Kg6 22. Bxg5 Qxg5 23. Re6+ Kg7 24. Qc3+ Ne5 25. Qxc7+ Nf7 26. Rxf5 Qxf5 27. Rf6 Qxg4 28. Qxf7+ Kh8 29. Rxh6# 1-0

[Event "Konnerud GP"]
[Site "Konnerud"]
[Date "2017.11.19"]
[Round "4"]
[White "Jakobsen, Kjetil Ansgar"]
[Black "Ali, Karim"]
[Result "1-0"]
[WhiteElo "1907"]
[BlackElo "1752"]
[PlyCount "51"]
[EventDate "2017.11.18"]
[EventType "swiss"]
[EventRounds "5"]
[EventCountry "NOR"]
[SourceTitle "EXT 2024"]
[Source "ChessBase"]
[SourceDate "2023.10.10"]
[SourceVersion "1"]
[SourceVersionDate "2023.10.10"]
[SourceQuality "1"]

1. e4 d6 2. Nc3 Nf6 3. Bc4 e5 4. f4 Bg4 5. Nf3 exf4 6. d3 g5 7. h4 gxh4 8. Bxf4 Nc6 9. Qd2 Bxf3 10. gxf3 Ne5 11. 0-0-0 Nxc4 12. dxc4 Be7 13. Kb1 Nh5 14. e5 Nxf4 15. Qxf4 Rg8 16. exd6 cxd6 17. c5 Rg6 18. Nb5 Kf8 19. cxd6 Bg5 20. Qf5 Qb6 21. Rhg1 Qd8 22. d7 Bf6 23. Rge1 Qa5 24. Re8+ Rxe8 25. dxe8Q+ Kxe8 26. Nd6+ 1-0

[Event "Konnerud GP"]
[Site "Konnerud"]
[Date "2017.11.18"]
[Round "3"]
[White "Ali, Karim"]
[Black "Sjoberg, Isak"]
[Result "0-1"]
[WhiteElo "1752"]
[BlackElo "2048"]
[PlyCount "78"]
[EventDate "2017.11.18"]
[EventType "swiss"]
[EventRounds "5"]
[EventCountry "NOR"]
[SourceTitle "EXT 2024"]
[Source "ChessBase"]
[SourceDate "2023.10.10"]
[SourceVersion "1"]
[SourceVersionDate "2023.10.10"]
[SourceQuality "1"]

1. d4 Nf6 2. Nf3 c5 3. c3 e6 4. Bf4 cxd4 5. Nxd4 d6 6. Bg5 Be7 7. e3 0-0 8. Bd3 e5 9. Nf5 Be6 10. 0-0 d5 11. Nxe7+ Qxe7 12. f4 exf4 13. Rxf4 Nbd7 14. Nd2 h6 15. Bxf6 Nxf6 16. Qe2 Rae8 17. Re1 Qd6 18. Qf3 Nd7 19. Qg3 Ne5 20. Rh4 Bd7 21. Bc2 Qb6 22. b3 f5 23. h3 Rf6 24. Qf2 Ng6 25. Rb4 Qc7 26. Nf3 Qxc3 27. Rd4 f4 28. Rd3 Qc8 29. Qd2 fxe3 30. Rdxe3 Rxe3 31. Rxe3 Nf4 32. Nd4 Qf8 33. Qc3 Nxh3+ 34. Rxh3 Bxh3 35. Qxh3 Rf1+ 36. Kh2 Qf4+ 37. g3 Rf2+ 38. Kg1 Qxd4 39. Qe6+ Kh8 0-1

[Event "Oslo op"]
[Site "Fornebu"]
[Date "2017.10.01"]
[Round "4"]
[White "Ali, Karim"]
[Black "Gonzalez, Francisco Silva"]
[Result "1-0"]
[WhiteElo "1755"]
[BlackElo "2046"]
[PlyCount "93"]
[EventDate "2017.09.29"]
[EventType "swiss"]
[EventRounds "10"]
[EventCountry "NOR"]
[SourceTitle "CBM 181 Extra"]
[Source "ChessBase"]
[SourceDate "2017.12.12"]
[SourceVersion "1"]
[SourceVersionDate "2017.12.12"]
[SourceQuality "1"]

1. d4 Nf6 2. c4 e6 3. Nc3 Bb4 4. Qc2 Nc6 5. Nf3 d6 6. a3 Bxc3+ 7. Qxc3 0-0 8. Bg5 h6 9. Bh4 Re8 10. e3 e5 11. d5 Nb8 12. Be2 Nbd7 13. 0-0 a5 14. b4 b6 15. Qc2 g5 16. Bg3 Qe7 17. h3 Nf8 18. Nd2 Bd7 19. Rfd1 Ra7 20. c5 b5 21. c6 Bc8 22. Bxb5 axb4 23. e4 bxa3 24. f3 Ng6 25. Nf1 Nf4 26. Ra2 Kh8 27. Rda1 Ra5 28. Qc4 N6h5 29. Bf2 f5 30. Rxa3 Rxa3 31. Rxa3 fxe4 32. fxe4 Rf8 33. Ba6 Bxa6 34. Qxa6 Qf7 35. Be1 Qg6 36. Qc4 g4 37. h4 Qf6 38. Ne3 Qg6 39. Nf5 Nf6 40. Ra7 N6xd5 41. exd5 Qxf5 42. Rxc7 Qb1 43. Qb4 g3 44. Rc8 Ne2+ 45. Kh1 Qxb4 46. Rxf8+ Kg7 47. Bxb4 1-0

[Event "Oslo Stjernens op"]
[Site "Oslo"]
[Date "2017.06.17"]
[Round "4"]
[White "Ali, Karim"]
[Black "Taranger, Rune"]
[Result "1-0"]
[WhiteElo "1776"]
[BlackElo "1690"]
[PlyCount "103"]
[EventDate "2017.06.16"]
[EventType "swiss"]
[EventRounds "6"]
[EventCountry "NOR"]
[SourceTitle "EXT 2018"]
[Source "ChessBase"]
[SourceDate "2017.10.13"]
[SourceVersion "1"]
[SourceVersionDate "2017.10.13"]
[SourceQuality "1"]

1. d4 d5 2. Nf3 Nf6 3. e3 g6 4. c4 Bg7 5. Nc3 0-0 6. cxd5 Nxd5 7. Bc4 Nxc3 8. bxc3 c5 9. 0-0 Qc7 10. Qe2 Nc6 11. Ba3 cxd4 12. cxd4 Rd8 13. Rac1 Qa5 14. Bb2 Bg4 15. h3 Bxf3 16. Qxf3 e6 17. Rfd1 Qb4 18. Qe2 Na5 19. Bd3 Rac8 20. Rxc8 Rxc8 21. Rc1 Rxc1+ 22. Bxc1 Qc3 23. Qd2 Qxd2 24. Bxd2 Nc6 25. Be4 Kf8 26. Bxc6 bxc6 27. Bb4+ Ke8 28. Bc5 a6 29. Kf1 Kd7 30. Ke2 Kc7 31. Kd3 a5 32. Kc4 Kb7 33. Bd6 Kb6 34. e4 Bh6 35. f4 Bg7 36. Be7 f5 37. e5 h5 38. h4 Bh6 39. g3 Bg7 40. Bd8+ Ka6 41. Be7 a4 42. Kb4 a3 43. Ka4 Kb6 44. Bxa3 Ka6 45. Bc5 Kb7 46. Ka5 Bh6 47. Kb4 Bg7 48. Be7 Kb6 49. Bd8+ Kb7 50. Be7 Kb6 51. a4 Ka6 52. Kc5 1-0

[Event "Oslo Nordstrand op"]
[Site "Oslo"]
[Date "2017.04.23"]
[Round "4"]
[White "Ali, Karim"]
[Black "Kvendseth, Thyra"]
[Result "1-0"]
[WhiteElo "1841"]
[BlackElo "1865"]
[PlyCount "35"]
[EventDate "2017.04.21"]
[EventType "swiss"]
[EventRounds "5"]
[EventCountry "NOR"]
[SourceTitle "CBM 178 Extra"]
[Source "ChessBase"]
[SourceDate "2017.06.22"]
[SourceVersion "1"]
[SourceVersionDate "2017.06.22"]
[SourceQuality "1"]

1. e4 e5 2. Bc4 Nf6 3. Nc3 Bc5 4. d3 Nc6 5. a3 a6 6. Bg5 Be7 7. Nf3 0-0 8. Qd2 h6 9. Bxh6 gxh6 10. Qxh6 Nh7 11. h4 d5 12. Ng5 Nf6 13. Nxd5 Qxd5 14. Bxd5 Be6 15. Nxe6 Ne8 16. Rh3 f6 17. Nd8+ Rf7 18. Bxf7# 1-0

[Event "Oslo Nordstrand op"]
[Site "Oslo"]
[Date "2017.04.22"]
[Round "2"]
[White "Ali, Karim"]
[Black "Reigstad, Erlend"]
[Result "0-1"]
[WhiteElo "1841"]
[BlackElo "1576"]
[PlyCount "66"]
[EventDate "2017.04.21"]
[EventType "swiss"]
[EventRounds "5"]
[EventCountry "NOR"]
[SourceTitle "CBM 178 Extra"]
[Source "ChessBase"]
[SourceDate "2017.06.22"]
[SourceVersion "1"]
[SourceVersionDate "2017.06.22"]
[SourceQuality "1"]

1. e4 e5 2. Nf3 Nc6 3. Bc4 Nf6 4. d3 Bc5 5. 0-0 0-0 6. Bg5 d6 7. c3 h6 8. Bh4 Be6 9. Nbd2 a6 10. a4 Qe7 11. a5 Rad8 12. Qb3 Rb8 13. h3 Rfd8 14. Bd5 Ba7 15. Qd1 g5 16. Bxe6 Qxe6 17. Bg3 g4 18. hxg4 Qxg4 19. Nh4 Qxg3 20. Nf5 Qxd3 21. Nxh6+ Kh7 22. Nxf7 Rg8 23. Nf3 Qxd1 24. Raxd1 Nxe4 25. Rde1 Ng3 26. Kh2 Nxf1+ 27. Rxf1 Kg6 28. N7g5 Rh8+ 29. Kg3 Ne7 30. Ne6 Nf5+ 31. Kg4 Kf6 32. Nfg5 Rbg8 33. g3 Nh6+ 0-1

[Event "Oslo Nordstrand op"]
[Site "Oslo"]
[Date "2017.04.21"]
[Round "1"]
[White "Mirza, Raad"]
[Black "Ali, Karim"]
[Result "1-0"]
[WhiteElo "1930"]
[BlackElo "1841"]
[PlyCount "49"]
[EventDate "2017.04.21"]
[EventType "swiss"]
[EventRounds "5"]
[EventCountry "NOR"]
[SourceTitle "CBM 178 Extra"]
[Source "ChessBase"]
[SourceDate "2017.06.22"]
[SourceVersion "1"]
[SourceVersionDate "2017.06.22"]
[SourceQuality "1"]

1. e4 e6 2. d4 d5 3. exd5 exd5 4. Bd3 Bd6 5. Nf3 Ne7 6. Bg5 f6 7. Be3 Bf5 8. 0-0 Bxd3 9. Qxd3 Qd7 10. Re1 0-0 11. c4 c6 12. Nbd2 Na6 13. c5 Bc7 14. a3 Rae8 15. Nf1 Nb8 16. Ng3 Qc8 17. Bd2 Nd7 18. Nh4 g6 19. Re2 f5 20. Rae1 f4 21. Rxe7 fxg3 22. hxg3 Rxe7 23. Rxe7 Rxf2 24. Qe3 Rf6 25. Re8+ 1-0

[Event "Fagernes TV2 Elo op"]
[Site "Fagernes"]
[Date "2017.04.13"]
[Round "6"]
[White "Brobakken, Lars Erik"]
[Black "Ali, Karim"]
[Result "0-1"]
[WhiteElo "1740"]
[BlackElo "1841"]
[PlyCount "112"]
[EventDate "2017.04.09"]
[EventType "swiss"]
[EventRounds "9"]
[EventCountry "NOR"]
[SourceTitle "CBM 177 Extra"]
[Source "ChessBase"]
[SourceDate "2017.04.27"]
[SourceVersion "1"]
[SourceVersionDate "2017.04.27"]
[SourceQuality "1"]

1. d4 e6 2. Nc3 Nf6 3. e4 d5 4. Bg5 Be7 5. e5 Nfd7 6. Bxe7 Qxe7 7. Nf3 a6 8. Bd3 c5 9. 0-0 cxd4 10. Ne2 Nc6 11. Re1 Ncxe5 12. Nexd4 Nxd3 13. Nf5 Nxe1 14. Nxe7 Nxf3+ 15. Qxf3 Kxe7 16. Re1 Nf6 17. Qg3 Rd8 18. Qxg7 Bd7 19. Re3 Rg8 20. Qh6 Rg6 21. Qh4 Rg4 22. Qh3 Rag8 23. g3 Bc6 24. Qf1 d4 25. Re5 Nd7 26. Rh5 Re4 27. f3 Re3 28. Qc4 Bxf3 29. Rxh7 Rg5 30. Qb4+ Rc5 31. Qxd4 Re4 32. Rxf7+ Kxf7 33. Qxd7+ Kf6 34. Qd8+ Ke5 35. c3 Rc6 36. h3 b5 37. Kf2 Be2 38. g4 Bc4 39. Qh8+ Kd6 40. Qd8+ Ke5 41. Qh8+ Kd5 42. g5 Rf4+ 43. Kg3 e5 44. Qh7 Ke6 45. Qg6+ Kd7 46. Qg7+ Rf7 47. Qxe5 Rd6 48. Qc5 Rd3+ 49. Kh2 Bd5 50. g6 Re7 51. Qa7+ Ke6 52. Qxa6+ Kf5 53. Qc8+ Kf6 54. Qf8+ Bf7 55. Qh8+ Kxg6 56. Kg1 Bd5 0-1

[Event "Oslo op"]
[Site "Fornebu"]
[Date "2016.10.06"]
[Round "9"]
[White "Lund, Terje"]
[Black "Ali, Karim"]
[Result "1-0"]
[WhiteElo "2103"]
[BlackElo "1825"]
[PlyCount "125"]
[EventDate "2016.09.30"]
[EventType "swiss"]
[EventRounds "9"]
[EventCountry "NOR"]
[SourceTitle "EXT 2017"]
[Source "ChessBase"]
[SourceDate "2016.10.25"]
[SourceVersion "1"]
[SourceVersionDate "2016.10.25"]
[SourceQuality "1"]

1. Nf3 e6 2. d4 f5 3. g3 Nf6 4. Bg2 Be7 5. 0-0 d6 6. c4 0-0 7. Nc3 Ne4 8. Nxe4 fxe4 9. Ne1 d5 10. f3 Nc6 11. fxe4 Rxf1+ 12. Bxf1 dxe4 13. e3 e5 14. d5 Bf5 15. Qb3 Nb8 16. Qxb7 Nd7 17. Qb3 Qe8 18. Qd1 Nf6 19. a3 Bg4 20. Qc2 Qh5 21. Qg2 Rf8 22. b4 Qg6 23. Be2 Bd7 24. Bb2 Qg5 25. Nc2 Ng4 26. Rf1 Rxf1+ 27. Bxf1 Nxe3 28. Nxe3 Qxe3+ 29. Qf2 Qb3 30. Bc1 Qd1 31. Qd2 Qg4 32. Qe2 Qg6 33. Bg2 Bf5 34. Be3 h5 35. Bxa7 Qa6 36. Bf2 Qxa3 37. Bxe4 Bg4 38. Qd3 Qxb4 39. Kg2 Qb2 40. Qe3 Bb4 41. h3 Bd1 42. Qg5 Bc5 43. Qd8+ Bf8 44. Qxc7 Qe2 45. Bg6 Qf3+ 46. Kg1 Bb3 47. Qc8 Bd1 48. Qe6+ Kh8 49. Qf7 Qxf7 50. Bxf7 Bb3 51. c5 Be7 52. Be3 Bd8 53. Kf2 g5 54. Kf3 Kg7 55. Be6 Kf6 56. c6 Bd1+ 57. Kf2 Bc7 58. Bc5 Ba4 59. Bd7 Ba5 60. d6 Bc3 61. Be8 Bd4+ 62. Bxd4 exd4 63. c7 1-0

[Event "Oslo op"]
[Site "Fornebu"]
[Date "2016.09.30"]
[Round "8"]
[White "Ali, Karim"]
[Black "Gulbrandsen, Tor"]
[Result "1-0"]
[WhiteElo "1825"]
[BlackElo "2075"]
[PlyCount "45"]
[EventDate "2016.09.30"]
[EventType "swiss"]
[EventRounds "9"]
[EventCountry "NOR"]
[SourceTitle "EXT 2018"]
[Source "ChessBase"]
[SourceDate "2017.10.13"]
[SourceVersion "1"]
[SourceVersionDate "2017.10.13"]
[SourceQuality "1"]

1. d4 Nf6 2. Nf3 e6 3. e3 b6 4. Bd3 Bb7 5. 0-0 Be7 6. b3 0-0 7. Nbd2 d5 8. Ne5 Nbd7 9. Bb2 c5 10. Qe2 Qc7 11. Rac1 Rac8 12. f4 Ne4 13. c4 f5 14. cxd5 exd5 15. Ndf3 Nxe5 16. dxe5 Rfd8 17. Nd4 g6 18. Ne6 Qd7 19. Nxd8 Rxd8 20. Rfd1 Bc6 21. a4 Bf8 22. Bb5 Kf7 23. Rxd5 1-0

[Event "Oslo op"]
[Site "Fornebu"]
[Date "2016.09.30"]
[Round "2"]
[White "Ali, Karim"]
[Black "Lie, Bjorn"]
[Result "1-0"]
[WhiteElo "1825"]
[BlackElo "1526"]
[PlyCount "51"]
[EventDate "2016.09.30"]
[EventType "swiss"]
[EventRounds "9"]
[EventCountry "NOR"]
[SourceTitle "EXT 2018"]
[Source "ChessBase"]
[SourceDate "2017.10.13"]
[SourceVersion "1"]
[SourceVersionDate "2017.10.13"]
[SourceQuality "1"]

1. d4 Nf6 2. Nf3 g6 3. c4 Bg7 4. Nc3 d5 5. h3 h5 6. Bf4 c6 7. e3 0-0 8. Bd3 Nbd7 9. Qc2 dxc4 10. Bxc4 Nb6 11. Bb3 Nbd5 12. Be5 e6 13. a3 Qa5 14. 0-0 Nxc3 15. bxc3 Nd5 16. Bxg7 Kxg7 17. c4 Nf6 18. e4 Qd8 19. e5 Ng8 20. Qe4 Ne7 21. Qf4 Nf5 22. g4 hxg4 23. hxg4 Nxd4 24. Nxd4 Qb6 25. c5 Qxc5 26. Qf6+ 1-0

[Event "Fagernes Norsk op-B"]
[Site "Fagernes"]
[Date "2014.04.13"]
[Round "1"]
[White "Ali, Karim"]
[Black "Odegaard, Karl Eirik"]
[Result "1-0"]
[WhiteElo "1797"]
[BlackElo "1257"]
[PlyCount "131"]
[EventDate "2014.04.13"]
[EventType "swiss"]
[EventRounds "9"]
[EventCountry "NOR"]
[SourceTitle "EXT 2016"]
[Source "ChessBase"]
[SourceDate "2015.10.08"]
[SourceVersion "1"]
[SourceVersionDate "2015.10.08"]
[SourceQuality "1"]

1. b3 e5 2. Bb2 Nc6 3. e3 d5 4. Bb5 Bd6 5. Nf3 Bg4 6. h3 Bxf3 7. Qxf3 Nf6 8. Nc3 a6 9. Bxc6+ bxc6 10. 0-0 0-0 11. d3 Re8 12. e4 d4 13. Ne2 c5 14. c3 Qe7 15. Ng3 g6 16. c4 Kg7 17. Bc1 a5 18. Bg5 h6 19. Bh4 Qe6 20. Bxf6+ Qxf6 21. Qg4 Kh7 22. Ne2 Qg5 23. Qd7 Kg7 24. Rad1 Qe7 25. Qc6 Red8 26. Kh2 Qd7 27. Qxd7 Rxd7 28. a4 Rb8 29. Nc1 f5 30. f3 Rf7 31. g3 fxe4 32. fxe4 Rbf8 33. Rxf7+ Rxf7 34. Kg2 Be7 35. Rf1 Rxf1 36. Kxf1 h5 37. Ne2 Kf6 38. Ng1 g5 39. Kg2 Ke6 40. Nf3 Bf6 41. Nd2 Kd6 42. Nb1 Kc6 43. Nd2 Kd6 44. b4 cxb4 45. Nb3 Kc6 46. Nxa5+ Kb6 47. Nb3 Be7 48. Kf3 c5 49. Ke2 Ka6 50. Kd2 Kb6 51. Kc2 Bf8 52. Nd2 g4 53. hxg4 hxg4 54. Nf1 Bh6 55. Nh2 Ka5 56. Nxg4 Be3 57. Kb3 Bd2 58. Nxe5 Kb6 59. g4 Bf4 60. Nf3 Kc6 61. g5 Kd6 62. a5 Ke6 63. a6 Bb8 64. Ka4 Ba7 65. Nd2 Kf7 66. Kb5 1-0

[Event "Fagernes Norsk op-B"]
[Site "Fagernes"]
[Date "2014.04.13"]
[Round "4"]
[White "Kristiansen, Willy"]
[Black "Ali, Karim"]
[Result "1-0"]
[WhiteElo "2017"]
[BlackElo "1797"]
[PlyCount "84"]
[EventDate "2014.04.13"]
[EventType "swiss"]
[EventRounds "9"]
[EventCountry "NOR"]
[SourceTitle "EXT 2016"]
[Source "ChessBase"]
[SourceDate "2015.10.08"]
[SourceVersion "1"]
[SourceVersionDate "2015.10.08"]
[SourceQuality "1"]

1. d4 e6 2. c4 f5 3. g3 Nf6 4. Bg2 Be7 5. Nf3 0-0 6. 0-0 a5 7. Nbd2 Na6 8. a3 Qe8 9. Qc2 d5 10. Ne5 c5 11. dxc5 Nxc5 12. cxd5 exd5 13. Ndf3 Bd6 14. Nd3 Nfe4 15. Bf4 Bxf4 16. Nxf4 Bd7 17. Nd4 Qe5 18. e3 Rac8 19. Nd3 Nxd3 20. Qxd3 Rc4 21. Rad1 Bc6 22. Rc1 Kh8 23. b3 Rxc1 24. Rxc1 Bd7 25. f3 Nf6 26. Kf2 Re8 27. Qd2 g6 28. Ne2 Kg8 29. Qd4 Qd6 30. a4 g5 31. Rc3 Kf7 32. Qc5 Qxc5 33. Rxc5 b6 34. Rc7 Rc8 35. Rb7 Rc2 36. h3 Rb2 37. f4 h6 38. Bf3 Rxb3 39. Rxd7+ Nxd7 40. Bxd5+ Ke7 41. Bxb3 Nc5 42. Bc2 Kf6 1-0

[Event "Oslo Vederhus Memorial op B"]
[Site "Oslo"]
[Date "2013.09.29"]
[Round "7"]
[White "Ali, Karim"]
[Black "Ondo, Shaun"]
[Result "0-1"]
[WhiteElo "1816"]
[BlackElo "1205"]
[PlyCount "78"]
[EventDate "2013.09.29"]
[EventType "swiss"]
[EventRounds "9"]
[EventCountry "NOR"]
[SourceTitle "EXT 2024"]
[Source "ChessBase"]
[SourceDate "2023.10.10"]
[SourceVersion "1"]
[SourceVersionDate "2023.10.10"]
[SourceQuality "1"]

1. d4 d5 2. Nf3 Nf6 3. Bf4 e6 4. e3 Bd6 5. Bg3 Nbd7 6. Bxd6 cxd6 7. c3 0-0 8. Bd3 e5 9. Bc2 Qb6 10. b3 Qc7 11. 0-0 Nb6 12. h3 Be6 13. Ng5 Bd7 14. f4 e4 15. f5 Qc8 16. g4 h6 17. Nf3 exf3 18. Qxf3 Qe8 19. Nd2 Rc8 20. c4 dxc4 21. e4 cxb3 22. Bxb3 Bc6 23. Rae1 Ba4 24. h4 Bxb3 25. axb3 Rc2 26. Rf2 Qc6 27. g5 Rc3 28. Qe2 Rg3+ 29. Kh2 Qc3 30. Nf3 Nh5 31. gxh6 Rh3+ 32. Kg1 Nf4 33. Qf1 Qxb3 34. Nh2 Rxh4 35. Rf3 Qb2 36. Rf2 Nh3+ 37. Qxh3 Qxf2+ 38. Kxf2 Rxh3 39. Ng4 Rc8 0-1

[Event "Oslo Vederhus Memorial op B"]
[Site "Oslo"]
[Date "2013.09.29"]
[Round "2"]
[White "Harstad, Christian"]
[Black "Ali, Karim"]
[Result "1-0"]
[WhiteElo "1917"]
[BlackElo "1816"]
[PlyCount "93"]
[EventDate "2013.09.29"]
[EventType "swiss"]
[EventRounds "9"]
[EventCountry "NOR"]
[SourceTitle "EXT 2024"]
[Source "ChessBase"]
[SourceDate "2023.10.10"]
[SourceVersion "1"]
[SourceVersionDate "2023.10.10"]
[SourceQuality "1"]

1. d4 e6 2. e4 d5 3. e5 c5 4. c3 Nc6 5. Nf3 Qb6 6. Bd3 Bd7 7. 0-0 cxd4 8. cxd4 Nxd4 9. Nxd4 Qxd4 10. Nc3 a6 11. Re1 Bb4 12. Be3 Qh4 13. g3 Qe7 14. Qg4 f5 15. exf6 Nxf6 16. Qh4 Bxc3 17. bxc3 Qf7 18. Rab1 b5 19. Bc5 Qh5 20. Qf4 Kf7 21. Qd6 Rhe8 22. Re5 Qh3 23. Bf1 Qh6 24. Be3 Qg6 25. Rb2 Kg8 26. Rg5 Qf7 27. Bd3 Qe7 28. Qe5 Bc6 29. Bd4 Rf8 30. Re2 h6 31. Rg6 Be8 32. Rxf6 Rxf6 33. Qe3 Bd7 34. f4 Qf7 35. Be5 Qf8 36. h4 Rc8 37. Bd4 Re8 38. Rf2 Rc8 39. g4 Qe7 40. g5 hxg5 41. hxg5 Rff8 42. Qh3 e5 43. Bh7+ Kf7 44. Qh5+ Ke6 45. Qg6+ Rf6 46. gxf6 gxf6 47. fxe5 1-0

[Event "Oslo Vederhus Memorial op B"]
[Site "Oslo"]
[Date "2013.09.29"]
[Round "1"]
[White "Skaslien, Ingrid"]
[Black "Ali, Karim"]
[Result "0-1"]
[WhiteElo "967"]
[BlackElo "1816"]
[PlyCount "64"]
[EventDate "2013.09.29"]
[EventType "swiss"]
[EventRounds "9"]
[EventCountry "NOR"]
[SourceTitle "EXT 2024"]
[Source "ChessBase"]
[SourceDate "2023.10.10"]
[SourceVersion "1"]
[SourceVersionDate "2023.10.10"]
[SourceQuality "1"]

1. Nf3 Nf6 2. d4 e6 3. Bg5 Be7 4. e3 c5 5. Nbd2 Nc6 6. Bd3 Qb6 7. Nc4 Qc7 8. Bf4 Qd8 9. Nd6+ Bxd6 10. Bxd6 cxd4 11. exd4 Qb6 12. Bc5 Qc7 13. Qd2 d6 14. Ba3 0-0 15. Qf4 e5 16. Qh4 e4 17. Qg3 exd3 18. 0-0 Rd8 19. cxd3 Bf5 20. Rac1 Qd7 21. b3 Bxd3 22. Rfd1 Be2 23. Rd2 Bxf3 24. Qxf3 d5 25. Qf4 Re8 26. Bd6 Re4 27. Qg3 Rg4 28. Qf3 Qxd6 29. Re1 Re4 30. Rxe4 Nxe4 31. Re2 Nxd4 32. Qd3 Nxe2+ 0-1

[Event "NOR-ch Class1"]
[Site "Lillehammer"]
[Date "2013.06.29"]
[Round "7"]
[White "Ali, Karim"]
[Black "Thrana, Svein Arne"]
[Result "1-0"]
[WhiteElo "1840"]
[BlackElo "1940"]
[PlyCount "120"]
[EventDate "2013.06.29"]
[EventType "swiss"]
[EventRounds "9"]
[EventCountry "NOR"]
[SourceTitle "EXT 2015"]
[Source "ChessBase"]
[SourceDate "2014.11.20"]
[SourceVersion "1"]
[SourceVersionDate "2014.11.20"]
[SourceQuality "1"]

1. e4 c5 2. Nf3 Nc6 3. c4 g6 4. Nc3 Bg7 5. Rb1 d6 6. h3 Nf6 7. d3 Bd7 8. Be2 a6 9. a3 0-0 10. Be3 Rc8 11. 0-0 e6 12. b4 Ne8 13. Qd2 Nd4 14. bxc5 dxc5 15. Rxb7 Bc6 16. Rbb1 f5 17. Bh6 Nxf3+ 18. Bxf3 fxe4 19. Bg4 Qf6 20. Bxg7 Nxg7 21. Nxe4 Qd4 22. Rfe1 h5 23. Bf3 Rcd8 24. Qb2 Nf5 25. Qb6 Rc8 26. Ng5 Bxf3 27. Qxe6+ Kg7 28. Nxf3 Qf4 29. Rb7+ Kh6 30. Ne5 Nh4 31. Nf7+ Rxf7 32. Rxf7 Qg5 33. g3 Rb8 34. Qd7 Rh8 35. Qe6 Nf5 36. Rxf5 Qxf5 37. Qxf5 gxf5 38. Re6+ Kg7 39. Rxa6 Rd8 40. Rc6 Rxd3 41. Rxc5 Kf6 42. a4 h4 43. gxh4 Rxh3 44. a5 Rxh4 45. a6 Rh3 46. Ra5 Rh8 47. a7 Ra8 48. f4 Ke6 49. Kf2 Kd6 50. Ke3 Kc6 51. Kd4 Kb7 52. Rb5+ Ka6 53. Rxf5 Rxa7 54. Rb5 Rf7 55. f5 Rh7 56. f6 Rh4+ 57. Kd5 Rf4 58. Ke6 Rxc4 59. Rb3 Re4+ 60. Kd7 Rc4 1-0

[Event "Oslo Elo op"]
[Site "Oslo"]
[Date "2012.09.30"]
[Round "6"]
[White "Olsen, Ulrik"]
[Black "Ali, Karim"]
[Result "1-0"]
[WhiteElo "1742"]
[BlackElo "1890"]
[PlyCount "89"]
[EventDate "2012.09.30"]
[EventType "swiss"]
[EventRounds "9"]
[EventCountry "NOR"]
[SourceTitle "EXT 2013"]
[Source "ChessBase"]
[SourceDate "2012.11.22"]
[SourceVersion "1"]
[SourceVersionDate "2012.11.22"]
[SourceQuality "1"]

1. e4 e5 2. Nf3 Nc6 3. Bb5 a6 4. Ba4 Nf6 5. 0-0 b5 6. Bb3 Be7 7. Re1 d6 8. c3 Na5 9. Bc2 c5 10. d3 Bg4 11. Nbd2 Nc6 12. Nf1 h6 13. Ng3 Qd7 14. h3 Be6 15. a4 Qc8 16. Bb3 c4 17. Ba2 0-0 18. d4 exd4 19. cxd4 d5 20. e5 Nh7 21. Bb1 Ng5 22. Nxg5 Bxg5 23. Bxg5 hxg5 24. axb5 Nb4 25. Qh5 Nd3 26. Bxd3 cxd3 27. Qxg5 Qd8 28. Qxd8 Rfxd8 29. bxa6 Rdb8 30. Red1 Rb3 31. Ra3 Rxb2 32. Rdxd3 Bd7 33. Ra5 Bb5 34. Rc3 Rxa6 35. Rxa6 Bxa6 36. Nf5 Rd2 37. Ra3 Bc4 38. Ra7 Rd1+ 39. Kh2 Rd2 40. Kg3 Rd3+ 41. f3 Rd2 42. Rd7 Bb3 43. Ne7+ Kh7 44. Nxd5 g6 45. Nf6+ 1-0

[Event "Oslo op ELO"]
[Site "Oslo"]
[Date "2011.10.02"]
[Round "3"]
[White "Ali, Karim"]
[Black "Eriksen, Magnus"]
[Result "0-1"]
[WhiteElo "1787"]
[BlackElo "2028"]
[PlyCount "90"]
[EventDate "2011.10.02"]
[EventType "swiss"]
[EventRounds "9"]
[EventCountry "NOR"]
[SourceTitle "EXT 2023"]
[Source "ChessBase"]
[SourceDate "2022.10.05"]
[SourceVersion "1"]
[SourceVersionDate "2022.10.05"]
[SourceQuality "1"]

1. c4 Nf6 2. Nc3 d5 3. cxd5 Nxd5 4. Nf3 Nxc3 5. bxc3 g6 6. g3 Bg7 7. Bg2 0-0 8. 0-0 c5 9. Rb1 Nc6 10. Bb2 Qc7 11. Qc2 Rd8 12. c4 Bxb2 13. Qxb2 Rb8 14. d3 Nd4 15. Rfd1 Nxf3+ 16. Bxf3 b6 17. e3 Bf5 18. Qe2 Rd6 19. g4 Bd7 20. d4 cxd4 21. exd4 e6 22. Qe5 Ba4 23. Rdc1 Rd7 24. Qe3 Rdd8 25. Rb4 Be8 26. Rb2 Qd6 27. Rd1 Bc6 28. d5 Ba8 29. Re2 Re8 30. Ree1 e5 31. Be4 Rbc8 32. Rc1 Rc5 33. h4 Bb7 34. h5 Bc8 35. hxg6 hxg6 36. Qg5 Qd8 37. Qh6 Qf6 38. f3 Qh8 39. Qg5 Qh3 40. Kf2 Qh2+ 41. Ke3 Ra5 42. Rh1 Ra3+ 43. Bd3 Qb2 44. Rcd1 Rxa2 45. Bxg6 Qe2# 0-1